Statistics for Asian Geography By Letter C - Picture Quiz

Click here to take the quiz!

General Stats

  • This quiz has been taken 317 times
  • The average score is 10 of 18

Answer Stats

Answer% Correct
China
100%
Cambodia
97%
Cyprus
93%
{Caspian} Sea
91%
Christianity
84%
Cantonese
81%
Caucasus
80%
Calligraphy
61%
Chennai
57%
Chengdu
53%
Cebu
41%
Chittagong
31%
Colombo
26%
{Celebes} Sea
26%
Chiang Mai
24%
{Chocolate} Hills
17%
Confucianism
17%
Chukotka
9%

Score Distribution

Percentile by Number Answered

Percent of People with Each Score

Your Score History

You have not taken this quiz